| 000 | 00991cam a22002895a 4500 | ||
|---|---|---|---|
| 001 | 3396996 | ||
| 005 | 20201128024230.0 | ||
| 008 | 890113s1989 enka frb 001 0 eng d | ||
| 020 | _a9780713164749 | ||
| 020 | _a0713164743 | ||
| 040 |
_aDLC _cDLC _dDLC _dEG-ScBUE _beng |
||
| 043 | _ae-uk--- | ||
| 082 | 0 | 4 |
_222 _a304.20941 _bCAT |
| 100 | 1 |
_aCater, John, _d1953- |
|
| 245 | 1 | 0 |
_aSocial geography : _ban introduction to contemporary issues / _cJohn Cater and Trevor Jones. |
| 260 |
_aLondon : _bEdward Arnold, _c1989. |
||
| 300 |
_axii, 260 p. : _bill. ; _c24 cm. |
||
| 504 | _aIncludes bibliographical references and index. | ||
| 650 | 7 |
_aSociology. _2BUEsh _9718 |
|
| 650 | 7 |
_aHuman geography. _2BUEsh _924253 |
|
| 650 | 7 |
_aHuman geography _zGreat Britain. _2BUEsh |
|
| 651 | 7 |
_aGreat Britain _xSocial conditions _y1945- _2BUEsh |
|
| 651 | 7 |
_aGreat Britain _xEconomic conditions _y1979-1997. _2BUEsh _933413 |
|
| 653 |
_bGGEN _cJanuary2018 |
||
| 700 | 1 |
_aJones, Trevor, _d1940- |
|
| 942 | _2ddc | ||
| 999 |
_c26031 _d26003 |
||